000 00371nam a22001457a 4500
003 MACL
005 20170704125419.0
008 170704b xxu||||| |||| 00| 0 eng d
040 _cMACL
100 _aRay, B.K.
_968022
245 _aVedic Stories From Ancient India
260 _aDelhi
_bChildren Book Centre
_c2016
650 _aChildren Book
_968023
942 _2ddc
_cBK
999 _c56698
_d56698